| 000 | 00768cam a22002533a 4500 | ||
|---|---|---|---|
| 001 | 8690 | ||
| 003 | PGUSA | ||
| 005 | 20140828083204.0 | ||
| 008 | 050801s2005||||xxu|||||s|||||000 | eng d | ||
| 040 |
_aPGUSA _beng |
||
| 042 | _adc | ||
| 050 | 4 | _aJK | |
| 100 | 1 |
_aTocqueville, Alexis de, _d1805-1859 |
|
| 245 | 1 | 0 |
_aAmerican Institutions and Their Influence _h[electronic resource] / _cAlexis de Tocqueville |
| 260 |
_bProject Gutenberg, _c2005 |
||
| 506 | _aPublic domain in the USA. | ||
| 516 | _aElectronic text | ||
| 653 | _aDemocracy | ||
| 653 | _aUnited States -- Politics and government | ||
| 700 | 1 |
_aSpencer, John C. _q(John Canfield), _d1788-1855 |
|
| 830 | 0 |
_aProject Gutenberg _v8690 |
|
| 856 | 4 | 0 | _uhttp://www.gutenberg.org/ebooks/8690 |
| 942 | _cEB | ||
| 999 |
_c237990 _d237990 |
||